01573 2200289 4500001002100000005001500021035002000036008004100056020001800097041000800115082001100123084001500134100005000149245009800199260003100297300004500328500002100373520067200394650002501066650004201091990002501133990002501158990002501183990002501208990002501233990002501258INLIS00000000000010220221013031223 a0010-0520000102221013 | | eng  a9780415451161 aeng a302.23 a302.23 MED0 aMedia and Politics in Post-handover Hong Kong1 aMedia and Politics in Post-handover Hong Kong /cChan, Joseph M. ; Lee, Francis L.F. (Edited) aLondon :bRoutledge,c2008 a99p :bxiii, 99p.: illus,;25cm. ;c25cm. aIndeks : p.97-99 aThese phenomena point to the complexities of media politics in post-handover Hongkong. Most of them will be taken up by the seven articles in this special issue. Each article addresses an important topic. Some represent long-standing concerns, such as press freedom, media political economy, journalistic profesional ideologies, and media's role in shaping citizen's national and local identities. Some represent new developments in or new approaches to the study of media politics in Hong Kong, such as how cultural codes structure media discourses, the relationship between media and pro-democracy protests, and the rising prominence of government public relations. 4aMass media-Hong Kong 4aPolitics in Post-handover - Hong Kong a10271/MKRI-P/XI-2008 a10270/MKRI-P/XI-2008 a10271/MKRI-P/XI-2008 a10270/MKRI-P/XI-2008 a10270/MKRI-P/XI-2008 a10271/MKRI-P/XI-2008